[Event "4NCL 2011-12"]
[Site "Sunningdale ENG"]
[Date "2012.02.12"]
[Round "6.37"]
[White "Taylor, Martin R"]
[Black "Rizvi, Nasir"]
[Result "1-0"]
[WhiteTitle "FM"]
[WhiteElo "2337"]
[BlackElo "2059"]
[WhiteTeam "Barbican 4NCL"]
[BlackTeam "The AD's"]
[WhiteFideId "407836"]
[BlackFideId "1800540"]
[EventDate "2011.11.12"]

1. d4 e6 2. Nf3 f5 3. g3 Nf6 4. Bg2 Be7 5. O-O O-O 6. c4 d6 7. Nc3 a5 8. b3 Ne4
9. Bb2 Nxc3 10. Bxc3 Qe8 11. Qd2 Qh5 12. Ne1 Rf6 13. Nd3 Rh6 14. h3 g5 15. f3 d5
16. Bxa5 Bd6 17. Ne5 Nd7 18. Bc3 dxc4 19. bxc4 Nxe5 20. dxe5 Be7 21. a4 Qe8 22.
a5 Bd7 23. Rfd1 Bc6 24. Bb4 Bxb4 25. Qxb4 g4 26. Qd2 Rg6 27. Kf2 h5 28. hxg4
hxg4 29. Rh1 Qf8 30. Qe3 Qg7 31. f4 Bxg2 32. Kxg2 Qd7 33. Qc5 Qd2 34. Kf2 Rg7
35. Rad1 Qxa5 36. Rd8+ Kf7 37. Rf8+ Kg6 38. Rf6# 1-0

[Event "4NCL 2011-12"]
[Site "Sunningdale ENG"]
[Date "2012.02.12"]
[Round "6.38"]
[White "Bellin, Christopher J"]
[Black "Regan, Natasha K"]
[Result "1/2-1/2"]
[BlackTitle "WIM"]
[WhiteElo "1964"]
[BlackElo "2096"]
[WhiteTeam "The AD's"]
[BlackTeam "Barbican 4NCL 2"]
[WhiteFideId "418471"]
[BlackFideId "403067"]
[EventDate "2011.11.12"]

1. e4 Nf6 2. e5 Nd5 3. c4 Nb6 4. d4 d6 5. f4 dxe5 6. fxe5 Nc6 7. Be3 Bf5 8. Nc3
e6 9. Nf3 Bb4 10. Be2 Na5 11. Nd2 c5 12. dxc5 Nd7 13. Nb5 O-O 14. O-O Nxe5 15.
Nd6 Bg6 16. Qa4 Bxd2 17. Bxd2 Nac6 18. Bc3 Qg5 19. Rae1 Nd3 20. Nxb7 Be4 21. Bf3
Bxf3 22. Rxf3 Nxe1 23. Bxe1 Nd4 24. Rf1 Rab8 25. Qd7 Ne2+ 26. Kh1 Qg4 27. b3 Qe4
28. Nd6 Qb1 29. c6 Rbd8 30. Qe7 Qd3 31. c7 Qxd6 32. cxd8=Q Qxd8 33. Bb4 Qxe7 34.
Bxe7 Re8 35. Rd1 Nc3 36. Rd7 a6 37. a3 e5 1/2-1/2

[Event "4NCL 2011-12"]
[Site "Sunningdale ENG"]
[Date "2012.02.12"]
[Round "6.41"]
[White "Cobb, James"]
[Black "Talsma, Paul"]
[Result "1-0"]
[WhiteTitle "IM"]
[WhiteElo "2411"]
[BlackElo "2246"]
[WhiteTeam "Bristol"]
[BlackTeam "Anglian Avengers"]
[WhiteFideId "1800949"]
[BlackFideId "1018779"]
[EventDate "2011.11.12"]

1. Nf3 f5 2. g3 Nf6 3. Bg2 g6 4. b3 Bg7 5. Bb2 d6 6. d4 O-O 7. O-O Qe8 8. c4 Na6
9. d5 c5 10. Nbd2 h6 11. Ne1 g5 12. Nd3 Qg6 13. b4 Nxb4 14. Nxb4 cxb4 15. a3 b3
16. c5 Qh5 17. Qxb3 f4 18. cxd6 exd6 19. Rac1 Rf7 20. Bxf6 Bxf6 21. Nc4 Be7 22.
Rc3 b6 23. Ne5 Rg7 24. Qc2 Ba6 25. g4 Qe8 26. Nf3 Bf6 27. Rc6 Rd8 28. Re1 Qg6
29. Qd2 Re7 30. Nd4 Bxd4 31. Qxd4 Rxe2 32. Rxe2 Bxe2 33. Be4 Qf7 34. Qc3 Bxg4
35. f3 Bd7 36. Rxd6 Qe7 37. Rg6+ Kf8 38. Qh8+ 1-0

[Event "4NCL 2011-12"]
[Site "Sunningdale ENG"]
[Date "2012.02.12"]
[Round "6.42"]
[White "Player, Edmund C"]
[Black "Buckley, David E"]
[Result "1-0"]
[WhiteElo "2199"]
[BlackElo "2245"]
[WhiteTeam "Anglian Avengers"]
[BlackTeam "Bristol"]
[WhiteFideId "406520"]
[BlackFideId "407437"]
[EventDate "2011.11.12"]

1. e4 c5 2. Nc3 Nc6 3. Bb5 Nd4 4. Bc4 a6 5. a4 e6 6. Nge2 Nf6 7. O-O d5 8. exd5
exd5 9. Ba2 Be7 10. Nf4 Be6 11. Nce2 Nxe2+ 12. Qxe2 Qd6 13. Nxe6 fxe6 14. c3 O-O
15. Re1 Ne4 16. d3 Bh4 17. dxe4 Bxf2+ 18. Kh1 Bxe1 19. Qxe1 dxe4 20. Be3 Rad8
21. Qe2 Qc6 22. Bc4 Kh8 23. b3 Qd6 24. Bg1 Qe5 25. Qe3 h6 26. Re1 Rf6 27. h3 a5
28. Bf2 Qf5 29. Bg3 Rg6 30. Kh2 Rf8 31. Rf1 1-0

[Event "4NCL 2011-12"]
[Site "Sunningdale ENG"]
[Date "2012.02.12"]
[Round "6.43"]
[White "Rudd, Jack"]
[Black "Tozer, Philip A A"]
[Result "0-1"]
[WhiteTitle "IM"]
[WhiteElo "2290"]
[BlackElo "2159"]
[WhiteTeam "Bristol"]
[BlackTeam "Anglian Avengers"]
[WhiteFideId "405736"]
[BlackFideId "419982"]
[EventDate "2011.11.12"]

1. e4 e6 2. d4 d5 3. Nd2 Nf6 4. e5 Nfd7 5. f4 c5 6. c3 Nc6 7. Ndf3 cxd4 8. cxd4
a5 9. Bd3 a4 10. a3 Nb6 11. Ne2 Na5 12. O-O g6 13. Bd2 Nac4 14. Rb1 h5 15. Nc3
Bd7 16. Qe2 Be7 17. Be1 Kf8 18. Na2 Kg7 19. Bb4 Bb5 20. g3 Nc8 21. Nc3 Qd7 22.
h3 Bxb4 23. axb4 Ne7 24. g4 hxg4 25. hxg4 Rh6 26. Kg2 Bc6 27. Rh1 Rah8 28. Rxh6
Rxh6 29. Rh1 Rxh1 30. Kxh1 Qe8 31. Kg2 b5 32. Nd1 Qh8 33. Nf2 Qh6 34. Nh3 Bd7
35. Kg3 Kf8 36. Qc2 Nc6 37. Qc3 Kg8 38. Bxc4 dxc4 39. Nfg5 Qf8 40. Ne4 Qxb4 41.
Nf6+ Kg7 42. Qxb4 Nxb4 43. Nxd7 Nd3 44. f5 c3 45. bxc3 a3 46. d5 gxf5 47. gxf5
exf5 48. Nf2 a2 49. Nxd3 a1=Q 50. N7c5 Qxc3 51. d6 Kf8 52. Kf4 Qc4+ 53. Kxf5 Ke8
54. Kf6 Qh4+ 55. Kf5 b4 56. Nf4 Qf2 57. Ne4 Qd4 58. Nf6+ Kd8 59. N6d5 Qc4 60. e6
Qc2+ 61. Ke5 Qb2+ 62. Kf5 fxe6+ 63. Nxe6+ Kd7 64. Nb6+ Kc6 65. d7 Qf2+ 66. Ke5
Qe3+ 67. Kf5 Qxb6 68. d8=Q Qxd8 69. Nxd8+ Kd5 70. Ne6 b3 71. Nc7+ Kc4 0-1

[Event "4NCL 2011-12"]
[Site "Sunningdale ENG"]
[Date "2012.02.12"]
[Round "6.44"]
[White "Spence, David J"]
[Black "Beaumont, Chris R"]
[Result "1/2-1/2"]
[BlackTitle "IM"]
[WhiteElo "2211"]
[BlackElo "2279"]
[WhiteTeam "Anglian Avengers"]
[BlackTeam "Bristol"]
[WhiteFideId "407429"]
[BlackFideId "400424"]
[EventDate "2011.11.12"]

1. e4 g6 2. d4 Bg7 3. Nc3 c5 4. d5 d6 5. Nf3 Nf6 6. Be2 O-O 7. O-O e6 8. h3 exd5
9. exd5 Na6 10. Bf4 Nc7 11. Bc4 Re8 12. Qd2 b6 13. Rfe1 Rxe1+ 14. Rxe1 Bb7 15.
a4 a6 16. Bg5 Qd7 17. Qf4 Nfxd5 18. Nxd5 Nxd5 19. Bxd5 Bxd5 20. Rd1 Qc6 21. c4
Bxf3 22. Rxd6 Qxa4 23. Qxf3 Re8 24. Rxb6 Qxc4 25. Bf6 Bxf6 26. Qxf6 a5 27. b3
Qd4 28. Qxd4 Re1+ 29. Kh2 cxd4 30. Rb5 Ra1 31. Kg3 d3 32. Rd5 Ra3 33. Kf3 Kg7
34. Ke3 Rxb3 35. Rxa5 Rb2 36. Rd5 Re2+ 37. Kf3 Rd2 38. Ke3 Re2+ 39. Kf3 Rd2 1/2-1/2

[Event "4NCL 2011-12"]
[Site "Sunningdale ENG"]
[Date "2012.02.12"]
[Round "6.45"]
[White "Curtis, John E"]
[Black "Gregory, Stephen J"]
[Result "1-0"]
[WhiteElo "2116"]
[BlackElo "2124"]
[WhiteTeam "Bristol"]
[BlackTeam "Anglian Avengers"]
[WhiteFideId "411892"]
[BlackFideId "410837"]
[EventDate "2011.11.12"]

1. d4 Nf6 2. Nf3 d6 3. Nc3 g6 4. e4 Bg7 5. Be3 a6 6. Qd2 b5 7. Bh6 Bxh6 8. Qxh6
b4 9. Nd5 Nxd5 10. exd5 Nd7 11. Qg7 Rf8 12. O-O-O Nf6 13. Bc4 Qd7 14. Ng5 Qf5
15. Nxh7 Nxh7 16. Qxh7 Bb7 17. Qh6 Bxd5 18. g4 Qf3 19. Bxd5 Qxd5 20. Kb1 Kd7 21.
Rhe1 g5 22. h4 gxh4 23. Qxh4 f6 24. Qh7 Rf7 25. Qd3 Rg7 26. f3 a5 27. Rh1 a4 28.
Rh5 Rg5 29. Rh7 Rag8 30. Re1 R8g7 31. Rh8 f5 32. Qa6 Rg8 33. Qxa4+ Qc6 34. Rxe7+
Kxe7 35. Rh7+ R8g7 36. Rxg7+ Rxg7 37. Qxc6 1-0

[Event "4NCL 2011-12"]
[Site "Sunningdale ENG"]
[Date "2012.02.12"]
[Round "6.47"]
[White "Collier, David O"]
[Black "Smith, Olivia"]
[Result "1/2-1/2"]
[BlackTitle "WFM"]
[WhiteElo "2138"]
[BlackElo "2010"]
[WhiteTeam "Bristol"]
[BlackTeam "Anglian Avengers"]
[WhiteFideId "406422"]
[BlackFideId "411850"]
[EventDate "2011.11.12"]

1. d4 Nf6 2. Bg5 d5 3. Bxf6 exf6 4. e3 c6 5. Bd3 Qb6 6. b3 Bd6 7. Ne2 f5 8. g3
Na6 9. c3 Bd7 10. Nd2 Qd8 11. Qc2 Qf6 12. b4 g5 13. h4 g4 14. Nf4 Nc7 15. Nb3 b6
16. a4 Bxf4 17. exf4 O-O 18. O-O Rfe8 19. a5 Kg7 20. Rfe1 Rxe1+ 21. Rxe1 Ne8 22.
Ra1 Nc7 23. axb6 axb6 24. Rxa8 Nxa8 25. Qa2 Qd8 26. Qa7 Qe8 27. Kf1 h6 28. Kg2
h5 29. Qa2 Nc7 30. Qc2 Kg6 31. Nd2 f6 32. Nf1 Nb5 33. Bxb5 cxb5 34. Ne3 Qe6 35.
Qd3 1/2-1/2

[Event "4NCL 2011-12"]
[Site "Sunningdale ENG"]
[Date "2012.02.12"]
[Round "6.48"]
[White "Gray, Mark S"]
[Black "Roberts, Lynda"]
[Result "1-0"]
[WhiteElo "2090"]
[BlackElo "1960"]
[WhiteTeam "Anglian Avengers"]
[BlackTeam "Bristol"]
[WhiteFideId "414964"]
[BlackFideId "1800191"]
[EventDate "2011.11.12"]

1. e4 c5 2. Nf3 g6 3. c3 Bg7 4. d4 cxd4 5. cxd4 d5 6. e5 Nc6 7. h3 Nh6 8. Bb5
Qb6 9. Nc3 O-O 10. O-O Nf5 11. Bxc6 Qxc6 12. Bg5 f6 13. Bf4 g5 14. Bh2 Be6 15.
Re1 Rac8 16. Rc1 b6 17. Rc2 Rfe8 18. Rce2 Bf7 19. g4 Nh6 20. Qb3 Rcd8 21. Nb5 a6
22. Nc7 Qxc7 23. exf6 Qd7 24. Ne5 Qb7 25. fxg7 Kxg7 26. Qe3 Bg6 27. Qxg5 Nf7 28.
Nxf7 Kxf7 29. h4 Qd7 30. h5 Be4 31. f3 Rg8 32. Qf4+ Ke8 33. Re3 Rc8 34. Bg3 Rc6
35. fxe4 Rxg4 36. Qf5 dxe4 37. Qxd7+ Kxd7 38. Kh2 Rg5 39. Rxe4 Rxh5+ 40. Kg2
Rc2+ 41. R1e2 Rxe2+ 42. Rxe2 Ra5 43. b3 Rd5 44. Be5 Kc6 45. Rc2+ Kb5 46. Rc4 a5
47. a4+ Ka6 48. Rc7 e6 49. Rxh7 Rd8 50. Rh8 Rd7 51. Re8 Ka7 52. Rxe6 Rb7 53. Rg6 1-0

[Event "4NCL 2011-12"]
[Site "Sunningdale ENG"]
[Date "2012.02.12"]
[Round "6.51"]
[White "Jones, Gawain C B"]
[Black "Hawkins, Jonathan"]
[Result "1/2-1/2"]
[WhiteTitle "GM"]
[BlackTitle "IM"]
[WhiteElo "2635"]
[BlackElo "2480"]
[WhiteTeam "White Rose"]
[BlackTeam "Cheddleton"]
[WhiteFideId "409561"]
[BlackFideId "412686"]
[EventDate "2011.11.12"]

1. e4 e5 2. Nf3 Nc6 3. Bb5 a6 4. Ba4 Nf6 5. O-O Be7 6. Re1 b5 7. Bb3 d6 8. c3
O-O 9. d4 Bg4 10. Be3 exd4 11. cxd4 d5 12. e5 Ne4 13. Nc3 Nxc3 14. bxc3 Na5 15.
Bc2 Nc4 16. Qd3 g6 17. Qe2 c5 18. h3 Bd7 19. Bh6 Re8 20. Bd3 cxd4 21. Nxd4 Bg5
22. Bxg5 Qxg5 23. Bxc4 dxc4 24. Qe4 Bxh3 25. f4 Qg3 26. a4 bxa4 27. Ne2 Qd3 28.
Qxd3 cxd3 29. gxh3 dxe2 30. Rxa4 Rac8 31. c4 Red8 32. Rxe2 Rd4 33. f5 gxf5 34.
Rxa6 Rdxc4 35. Rf6 f4 36. Rg2+ Kf8 37. e6 1/2-1/2

[Event "4NCL 2011-12"]
[Site "Sunningdale ENG"]
[Date "2012.02.12"]
[Round "6.52"]
[White "Hebden, Mark L"]
[Black "Wells, Peter K"]
[Result "1-0"]
[WhiteTitle "GM"]
[BlackTitle "GM"]
[WhiteElo "2515"]
[BlackElo "2492"]
[WhiteTeam "Cheddleton"]
[BlackTeam "White Rose"]
[WhiteFideId "400084"]
[BlackFideId "400327"]
[EventDate "2011.11.12"]

1. d4 Nf6 2. Nf3 d5 3. c4 e6 4. Bg5 h6 5. Bxf6 Qxf6 6. Nc3 c6 7. Qb3 dxc4 8.
Qxc4 Nd7 9. Rd1 g6 10. g3 Bg7 11. Bg2 O-O 12. O-O e5 13. Ne4 Qe7 14. d5 cxd5 15.
Qxd5 Nb6 16. Qc5 Qxc5 17. Nxc5 Rb8 18. Nd2 a5 19. b3 Bg4 20. Rfe1 Rfc8 21. Nxb7
Rc2 22. a4 Bf8 23. Nxa5 Rbc8 24. Nc6 R8xc6 25. Bxc6 Bb4 26. Nf3 Bxe1 27. Rxe1 1-0

[Event "4NCL 2011-12"]
[Site "Sunningdale ENG"]
[Date "2012.02.12"]
[Round "6.53"]
[White "Palliser, Richard J D"]
[Black "Camacho Collados, Jose"]
[Result "1/2-1/2"]
[WhiteTitle "IM"]
[BlackTitle "FM"]
[WhiteElo "2447"]
[BlackElo "2368"]
[WhiteTeam "White Rose"]
[BlackTeam "Cheddleton"]
[WhiteFideId "407372"]
[BlackFideId "2265427"]
[EventDate "2011.11.12"]

1. Nf3 c5 2. c4 Nf6 3. Nc3 d5 4. cxd5 Nxd5 5. d4 Nxc3 6. bxc3 g6 7. Bg5 Bg7 8.
Qd2 cxd4 9. cxd4 Nc6 10. e3 Qa5 11. Qxa5 Nxa5 12. Rc1 f6 13. Bf4 g5 14. Bg3 Be6
15. e4 O-O 16. d5 Rac8 17. Rc7 Bf7 18. Nd4 Rfe8 19. Be2 Bg6 20. Bg4 f5 21. Nxf5
Rxc7 22. Bxc7 Bc3+ 23. Ke2 h5 24. Rc1 Bb4 25. Rb1 Bc3 26. Rc1 Bb4 27. Rb1 Bc3
28. Bxa5 Bxa5 29. Rxb7 hxg4 30. Nxe7+ Kf7 31. Nc6+ Kf8 32. e5 Be4 33. Nxa5 Rxe5
34. Rxa7 Bxg2+ 35. Kd3 Rxd5+ 36. Ke3 Re5+ 37. Kd3 Bf1+ 38. Kd4 Rf5 39. Nc6 Rxf2
40. Ne5 Be2 41. Rh7 Bd1 42. a3 Rf4+ 43. Kd5 Ra4 44. Nd7+ Ke8 45. Nf6+ Kd8 46.
Rd7+ Kc8 47. Kc5 Be2 48. Rd2 Ra5+ 49. Kd6 Ra6+ 50. Ke5 Ra5+ 51. Kd6 Ra6+ 1/2-1/2

[Event "4NCL 2011-12"]
[Site "Sunningdale ENG"]
[Date "2012.02.12"]
[Round "6.55"]
[White "Croad, Nicolas"]
[Black "Arkell, Keith C"]
[Result "0-1"]
[WhiteTitle "FM"]
[BlackTitle "GM"]
[WhiteElo "2292"]
[BlackElo "2418"]
[WhiteTeam "White Rose"]
[BlackTeam "Cheddleton"]
[WhiteFideId "4300793"]
[BlackFideId "400270"]
[EventDate "2011.11.12"]

1. d4 Nf6 2. c4 e6 3. Nf3 Bb4+ 4. Nbd2 d5 5. e3 O-O 6. Bd3 b6 7. O-O Bb7 8. a3
Be7 9. b3 Nbd7 10. Bb2 Ne4 11. cxd5 exd5 12. Qe2 Re8 13. Rac1 Bd6 14. Rfd1 a6
15. Nf1 f5 16. Qc2 Rc8 17. Qe2 Ra8 18. Qc2 c6 19. a4 Re6 20. Qb1 a5 21. Qa1 Qe7
22. Rc2 Rf8 23. N3d2 Rh6 24. f4 g5 25. g3 gxf4 26. exf4 Rg6 27. Bxe4 fxe4 28.
Ne3 Rxf4 29. Rf1 Qg5 30. Ng2 Rff6 31. Bc1 Bxg3 32. Rxf6 Bxh2+ 33. Kxh2 Qxg2# 0-1

[Event "4NCL 2011-12"]
[Site "Sunningdale ENG"]
[Date "2012.02.12"]
[Round "6.56"]
[White "Bellin, Robert"]
[Black "Gourlay, Iain"]
[Result "1/2-1/2"]
[WhiteTitle "IM"]
[BlackTitle "FM"]
[WhiteElo "2355"]
[BlackElo "2351"]
[WhiteTeam "Cheddleton"]
[BlackTeam "White Rose"]
[WhiteFideId "400343"]
[BlackFideId "2401533"]
[EventDate "2011.11.12"]

1. c4 Nf6 2. Nc3 g6 3. g3 Bg7 4. Bg2 O-O 5. e4 c5 6. Nge2 Nc6 7. d3 d6 8. O-O
Ne8 9. Be3 Nc7 10. h3 Ne6 11. f4 Ned4 12. Qd2 Rb8 13. Rae1 b5 14. cxb5 Nxb5 15.
Nxb5 Rxb5 16. d4 Ba6 17. Rf2 cxd4 18. Nxd4 Nxd4 19. Bxd4 Bxd4 20. Qxd4 Qc7 21.
Re3 Rc5 22. Ra3 Bb5 23. Kh2 a6 24. Rff3 Rc4 25. Qe3 Rc8 26. Rc3 Rxc3 27. Qxc3
Qb7 28. Qe3 Rc2 1/2-1/2

[Event "4NCL 2011-12"]
[Site "Sunningdale ENG"]
[Date "2012.02.12"]
[Round "6.57"]
[White "Adair, James R"]
[Black "Radovanovic, Jovica"]
[Result "1-0"]
[BlackTitle "FM"]
[WhiteElo "2247"]
[BlackElo "2309"]
[WhiteTeam "White Rose"]
[BlackTeam "Cheddleton"]
[WhiteFideId "406252"]
[BlackFideId "915912"]
[EventDate "2011.11.12"]

1. e4 e5 2. Nf3 Nc6 3. Bc4 Bc5 4. c3 Nf6 5. d3 d6 6. Bb3 a6 7. h3 Ba7 8. Nbd2
O-O 9. Nf1 Nh5 10. g3 h6 11. Nh4 Nf6 12. Ne3 Kh7 13. Qf3 Be6 14. Bc2 Ng8 15.
Nhg2 g6 16. g4 f6 17. Qg3 Rf7 18. f4 Rg7 19. h4 d5 20. Bb3 Nge7 21. g5 fxg5 22.
hxg5 h5 23. f5 gxf5 24. Rxh5+ Kg8 25. Qh3 Qd7 26. Rh8+ Kf7 27. exd5 Nxd5 28.
Rxa8 f4 29. Bxd5 1-0

[Event "4NCL 2011-12"]
[Site "Sunningdale ENG"]
[Date "2012.02.12"]
[Round "6.58"]
[White "Steil-Antoni, Fiona"]
[Black "Messam-Sparks, Lateefah"]
[Result "1-0"]
[WhiteTitle "WIM"]
[WhiteElo "2104"]
[BlackElo "1962"]
[WhiteTeam "Cheddleton"]
[BlackTeam "White Rose"]
[WhiteFideId "4001249"]
[BlackFideId "470813"]
[EventDate "2011.11.12"]

1. e4 c5 2. Nc3 e6 3. f4 Nc6 4. Nf3 a6 5. d3 d6 6. g3 b5 7. Bg2 Bb7 8. O-O Nf6
9. e5 dxe5 10. Nxe5 Qc7 11. Nxc6 Bxc6 12. f5 Bxg2 13. Kxg2 e5 14. Qf3 Rd8 15.
Bg5 Be7 16. Rae1 b4 17. Nd1 O-O 18. Re2 Rfe8 19. Rfe1 Nd7 20. Bxe7 Rxe7 21. Ne3
Nf6 22. Nc4 Nd7 23. g4 f6 24. h4 Nb6 25. Nxb6 Qxb6 26. g5 Qb7 27. Re4 Rd4 28.
Kh2 Kh8 29. Qh5 Qd7 30. Qf3 Qb7 31. Qg4 Red7 32. Rg1 Rxe4 33. dxe4 Rd2+ 34. Kh3
Rd8 35. h5 Qe7 36. h6 fxg5 37. hxg7+ Kxg7 38. Qh5 Rg8 39. Qxg5+ Qxg5 40. Rxg5+
Kf7 41. Rxg8 Kxg8 42. Kg4 Kf7 43. Kh5 Kg7 44. b3 a5 45. Kg5 Kf7 46. Kh6 Kg8 47.
f6 Kf7 48. Kxh7 Kxf6 49. Kh6 Ke6 50. Kg6 Kd6 51. Kf6 c4 52. Kf5 c3 53. Kf6 Kc6
54. Kxe5 Kc5 55. Kf5 Kd4 56. Kf4 Kc5 57. e5 Kd5 58. Kf5 Kd4 59. e6 Ke3 60. e7
Kd2 61. e8=Q Kxc2 62. Qa4 Kb2 63. Qxa5 c2 64. Qxb4 c1=Q 65. a4 Qc8+ 66. Ke5 Qe8+
67. Kd5 Qg8+ 68. Ke5 Qh8+ 69. Ke6 Qc8+ 70. Kf7 Qf5+ 71. Ke7 Qe5+ 72. Kd7 Qf5+
73. Kc7 Qe5+ 74. Kb7 Qd5+ 75. Ka7 Qd7+ 76. Qb7 Qd4+ 77. Ka6 Qd6+ 78. Ka7 Qd4+
79. Qb6 Qd7+ 80. Kb8 Qe8+ 81. Kb7 Qd7+ 82. Qc7 Qd5+ 83. Qc6 Qf7+ 84. Ka6 Kxb3
85. a5 Kb4 86. Qd6+ Ka4 87. Qd4+ Kb3 88. Qd3+ Kb4 89. Qd2+ Kc5 90. Qc3+ Kd6 91.
Qd4+ 1-0

[Event "4NCL 2011-12"]
[Site "Sunningdale ENG"]
[Date "2012.02.12"]
[Round "6.61"]
[White "Turner, Matthew J"]
[Black "Hanley, Craig A"]
[Result "1/2-1/2"]
[WhiteTitle "GM"]
[BlackTitle "IM"]
[WhiteElo "2516"]
[BlackElo "2415"]
[WhiteTeam "Barbican 4NCL 1"]
[BlackTeam "Wood Green Hilsmark"]
[WhiteFideId "402893"]
[BlackFideId "408514"]
[EventDate "2011.11.12"]

1. e4 e5 2. Nf3 Nc6 3. d4 exd4 4. Nxd4 Qh4 5. Nc3 Bb4 6. Nb5 Nf6 7. Be2 Nxe4 8.
O-O Nxc3 9. Nxc7+ Kd8 10. bxc3 Bxc3 11. g3 Qd4 12. Nb5 Qxd1 13. Bg5+ f6 14.
Raxd1 fxg5 15. Nxc3 Re8 16. Bf3 a5 17. Be4 Ne5 18. Rd6 g4 19. Rb1 Ra6 20. Rxa6
bxa6 21. Kg2 h6 22. Rb3 Nc6 23. Bxc6 dxc6 24. Nd1 Re1 25. Ne3 Ra1 26. Ra3 c5 27.
f3 Be6 28. Rxa5 Rxa2 29. Rxc5 a5 30. fxg4 a4 31. Kf3 Ra1 32. c4 a3 33. Ra5 a2
34. Nc2 Rf1+ 35. Kg2 Bxc4 36. Rxa2 Rb1 37. Ra8+ Ke7 38. Ne3 Rb2+ 39. Kf3 Be2+
40. Ke4 Ke6 41. Kd4 Bxg4 42. Kc3 Rxh2 43. Nxg4 Rh3 44. Re8+ Kf5 45. Ne3+ Kg6 46.
Nf1 h5 47. Kd3 h4 48. Rh8 Kg5 49. Ke4 Kg4 50. Rg8 g5 51. Ne3+ Kxg3 52. Rxg5+ Kh2
53. Rf5 Kh1 54. Rf1+ Kh2 55. Rf2+ Kg1 56. Rf1+ Kh2 57. Rb1 Kg3 58. Ra1 Kf2 59.
Ra2+ Kg1 60. Ra1+ Kf2 61. Ng4+ Kg2 62. Ra2+ Kg1 63. Ne5 Rc3 64. Kf4 Kf1 65. Rh2
Ra3 66. Nc4 Ra8 67. Nd2+ Kg1 68. Re2 h3 69. Kg3 Rg8+ 70. Kxh3 Rh8+ 71. Kg3 Rg8+
72. Kf3 Rf8+ 73. Ke3 Re8+ 74. Ne4 Kf1 75. Rf2+ Kg1 76. Rf4 Kg2 77. Ke2 Re7 78.
Rh4 Re8 79. Ke3 Kf1 80. Rg4 Re5 81. Rg6 Re7 82. Rg8 Re5 83. Kd4 Re7 84. Rg6 Re8
85. Rg7 Rd8+ 86. Ke3 Re8 87. Rg6 Re5 88. Ra6 Re8 89. Ra2 Re7 90. Rf2+ Kg1 91.
Rf8 Kg2 92. Rf6 Re8 93. Rf7 Re5 94. Kf4 Re8 95. Rf6 Re7 96. Rf8 Rg7 97. Ke3 Re7
98. Rg8+ 1/2-1/2

[Event "4NCL 2011-12"]
[Site "Sunningdale ENG"]
[Date "2012.02.12"]
[Round "6.62"]
[White "Trent, Lawrence"]
[Black "Parker, Jonathan F"]
[Result "1/2-1/2"]
[WhiteTitle "IM"]
[BlackTitle "GM"]
[WhiteElo "2433"]
[BlackElo "2531"]
[WhiteTeam "Wood Green Hilsmark 2"]
[BlackTeam "Barbican 4NCL 1"]
[WhiteFideId "408638"]
[BlackFideId "400580"]
[EventDate "2011.11.12"]

1. e4 e5 2. Nf3 Nc6 3. Bb5 Nf6 4. d3 Bc5 5. Bxc6 dxc6 6. b3 Bg4 7. Bb2 Nd7 8.
Nbd2 f6 9. h3 Bxf3 10. Nxf3 Qe7 11. a3 O-O-O 12. b4 Bd6 13. c3 Nf8 14. Qa4 Kb8
15. O-O-O Ne6 16. Qc2 c5 17. Nd2 c6 18. Nc4 1/2-1/2

[Event "4NCL 2011-12"]
[Site "Sunningdale ENG"]
[Date "2012.02.12"]
[Round "6.63"]
[White "Cox, John J"]
[Black "Emms, John M"]
[Result "0-1"]
[WhiteTitle "IM"]
[BlackTitle "GM"]
[WhiteElo "2423"]
[BlackElo "2484"]
[WhiteTeam "Barbican 4NCL 1"]
[BlackTeam "Wood Green Hilsmark 1"]
[WhiteFideId "401064"]
[BlackFideId "400254"]
[EventDate "2011.11.12"]

1. c4 g6 2. g3 Bg7 3. Bg2 c5 4. Nc3 Nc6 5. Nf3 e6 6. d3 Nge7 7. Bg5 h6 8. Bd2 b6
9. O-O Bb7 10. a3 d6 11. Rb1 O-O 12. b4 Qd7 13. Qa4 Rad8 14. b5 Nd4 15. Nxd4
cxd4 16. Na2 Bxg2 17. Kxg2 a5 18. e3 dxe3 19. Bxe3 Nf5 20. Qc2 Qb7+ 21. Kg1 h5
22. Nc3 d5 23. cxd5 Rc8 24. Bd2 Bxc3 0-1

[Event "4NCL 2011-12"]
[Site "Sunningdale ENG"]
[Date "2012.02.12"]
[Round "6.64"]
[White "McDonald, Neil"]
[Black "Collins, Sam E."]
[Result "1-0"]
[WhiteTitle "GM"]
[BlackTitle "IM"]
[WhiteElo "2457"]
[BlackElo "2426"]
[WhiteTeam "Wood Green Hilsmark 1"]
[BlackTeam "Barbican 4NCL 1"]
[WhiteFideId "400629"]
[BlackFideId "2501198"]
[EventDate "2011.11.12"]

1. e4 e5 2. Nf3 Nc6 3. Bb5 Nf6 4. O-O Nxe4 5. d4 Be7 6. Qe2 Nd6 7. Bxc6 dxc6 8.
dxe5 Nf5 9. Rd1 Bd7 10. b3 O-O 11. c4 Re8 12. Nc3 a5 13. e6 Bf6 14. exf7+ Kxf7
15. Qc2 Nd4 16. Nxd4 Bxd4 17. Bb2 Bg4 18. Rd2 Qf6 19. Nd5 Qe6 20. Rf1 cxd5 21.
Rxd4 Qf5 22. Qc3 Qg6 23. cxd5 Kg8 24. Rc4 Re7 25. Rc1 Rae8 26. h3 Bf5 27. Rf4 h5
28. Rf3 h4 29. d6 cxd6 30. Qc4+ Be6 31. Qxh4 Bd5 32. Rg3 Qe4 33. Qf6 Qh7 34.
Qxd6 Bc6 35. Kh2 Rd7 36. Qc5 Rd5 37. Qc3 Re7 38. Re1 Rxe1 39. Qxe1 1-0

[Event "4NCL 2011-12"]
[Site "Sunningdale ENG"]
[Date "2012.02.12"]
[Round "6.65"]
[White "D'Costa, Lorin A R"]
[Black "Bae, Torstein"]
[Result "1/2-1/2"]
[WhiteTitle "IM"]
[BlackTitle "IM"]
[WhiteElo "2409"]
[BlackElo "2419"]
[WhiteTeam "Barbican 4NCL 1"]
[BlackTeam "Wood Green Hilsmark"]
[WhiteFideId "409219"]
[BlackFideId "1501887"]
[EventDate "2011.11.12"]

1. d4 Nf6 2. c4 c5 3. d5 b5 4. Nf3 g6 5. cxb5 a6 6. b6 d6 7. Nc3 Qxb6 8. a4 Bg7
9. a5 Qc7 10. e4 O-O 11. Nd2 e6 12. Bc4 Re8 13. O-O Bb7 14. Bb3 exd5 15. exd5
Nbd7 16. Nc4 Ne4 17. Bf4 Nxc3 18. bxc3 Ne5 19. Bxe5 Bxe5 20. Qd3 Bc8 21. Ba4 Re7
22. Qd2 Rb8 23. Rfe1 Bf6 24. h3 Qd8 25. Rac1 Bd7 26. Bxd7 Qxd7 27. Nb6 Qb5 28.
Rxe7 Bxe7 29. c4 Qe8 30. Re1 Rb7 31. Re4 Qd8 32. Qe3 Rc7 33. g3 Kf8 34. Qh6+ Kg8
35. Qe3 Kf8 36. h4 Bf6 37. Kg2 Re7 38. Qh6+ Kg8 39. Qf4 Rxe4 40. Qxe4 Bc3 41.
Na4 Bxa5 42. h5 Qd7 43. hxg6 hxg6 44. Qc2 Qe8 45. Kf3 Qe5 46. Qd3 Kg7 47. Kg2
Qa1 48. Qb3 Bb4 49. Nb2 a5 50. Qc2 Qa3 51. Na4 Qa1 52. Nb6 Qe5 53. Nd7 Qe7 54.
Qb2+ f6 55. Nb6 Qe4+ 56. Kg1 Qe8 57. Qc2 Kf7 58. Kh2 Qd8 1/2-1/2